| 000 | 00877nam0a22002291 4500 | ||
|---|---|---|---|
| 001 | rc\2900140 | ||
| 005 | 20250529220507.0 | ||
| 035 | _a(NLR Aleph) 007051505 | ||
| 090 |
_a6195563 _c6195563 |
||
| 100 | _a20080110d1934 |||y0rusy50 ca | ||
| 101 | 0 | _arus | |
| 102 | _aRU | ||
| 105 | _ay z ||||y | ||
| 200 | 1 |
_aОб отчетно-перевыборной кампании советов _eДоклад пред. Облисполкома на Собрании Иванов. гор. партактива _fС.П. Аггеев |
|
| 210 |
_a[Иваново] _cИвгиз _d1934 _gтип. газ.-журн. комбината Обл. изд-ва "Раб. край" |
||
| 215 |
_a8 с. _d23х15 см |
||
| 700 | 1 |
_aАггеев _bС.П. _gСергей Петрович |
|
| 801 | 0 |
_aRU _bNLR _gpsbo |
|
| 801 | 1 |
_aRU _bELAR _2rusmarc |
|
| 852 |
_aNLR _j34-11/3384 |
||
| 942 | _cBOOK | ||
| 980 | _aNB | ||